|
|
|
|
| LEADER |
01235nam a22002897a 4500 |
| 001 |
42662 |
| 003 |
BD-DhAAL |
| 008 |
240612t2000 nyua|||| |||| 00| 0 eng d |
| 020 |
|
|
|a 002278196X
|
| 020 |
|
|
|a 9780022781965
|
| 040 |
|
|
|a BD-DhAAL
|c BD-DhAAL
|
| 082 |
|
|
|a 531.11
|2 23
|
| 245 |
|
|
|a On the move /
|c Richard Moyer ... [et al.].
|
| 250 |
|
|
|a Macmillan/McGraw-Hill edition
|
| 264 |
|
|
|a New York :
|b McGraw-Hill School Division,
|c c2000.
|
| 300 |
|
|
|a various paging :
|b color illustrations ;
|c 28 cm.
|
| 490 |
|
|
|a McGraw-Hill science
|
| 541 |
|
|
|a Donation from the Asia Foundation/Savar Campus Library
|e 42662
|
| 650 |
|
|
|a Motion
|v Juvenile literature.
|9 56549
|
| 650 |
|
|
|a Motion.
|
| 700 |
|
|
|a Moyer, Richard.
|9 55346
|
| 710 |
|
|
|a McGraw-Hill Companies.
|b McGraw-Hill School Division.
|b National Geographic Society (U.S.).
|b Educational Services.
|9 56548
|
| 830 |
|
|
|a McGraw-Hill science
|9 35789
|
| 852 |
|
|
|a Ayesha Abed Library
|
| 942 |
|
|
|2 ddc
|c BK
|
| 999 |
|
|
|c 46725
|d 46725
|
| 952 |
|
|
|0 0
|1 0
|2 ddc
|4 0
|6 531_110000000000000_ONT
|7 0
|9 75642
|a BRACUL
|b BRACUL
|c GEN
|d 2024-06-12
|e Donation from the Asia Foundation/Savar Campus Library
|l 0
|o 531.11 ONT
|p 3020042662
|r 2024-06-12
|t 1
|w 2024-06-12
|y BK
|x Donation from the Asia Foundation/Savar Campus Library
|